Изменение напряжений и коробление листа при нагреве; Известия вузов. Машиностроение; № 4

Bibliographic Details
Parent link:Известия вузов. Машиностроение.— , 1958-.— 0536-1044
№ 4.— 1979.— С. 113-119
Main Author: Дель Г. Д.
Other Authors: Елисеев В. В.
Language:Russian
Published: 1979
Subjects:
Format: Book Chapter
KOHA link:https://koha.lib.tpu.ru/cgi-bin/koha/opac-detail.pl?biblionumber=460691

MARC

LEADER 00000naa2a2200000 4500
001 460691
005 20231101085352.0
035 |a (RuTPU)RU\TPU\prd\124651 
035 |a RU\TPU\tpu\11100 
090 |a 460691 
100 |a 20111114a1979 k y0rusy50 ca 
101 0 |a rus 
102 |a RU 
200 1 |a Изменение напряжений и коробление листа при нагреве  |f Г. Д. Дель, В. В. Елисеев 
461 1 |0 (RuTPU)RU\TPU\prd\188  |x 0536-1044  |t Известия вузов. Машиностроение  |d 1958- 
463 1 |0 (RuTPU)RU\TPU\prd\124650  |t № 4  |v С. 113-119  |d 1979 
610 1 |a напряжение 
610 1 |a коробление 
610 1 |a листы 
610 1 |a нагрев 
610 1 |a труды учёных ТПУ 
700 1 |a Дель  |b Г. Д. 
701 1 |a Елисеев  |b В. В. 
801 1 |a RU  |b 63413507  |c 20030707  |g PSBO 
801 2 |a RU  |b 63413507  |c 20180216  |g PSBO 
942 |c BK